[Event "ESP-chA"]
[Site "Ayamonte"]
[Date "2002.10.04"]
[Round "1"]
[White "Del Rio de Angelis, Salvador Gabriel"]
[Black "San Segundo Carrillo, Pablo"]
[Result "1/2-1/2"]
[WhiteElo "2494"]
[BlackElo "2523"]
[Annotator "Finkel,A"]
[PlyCount "106"]
[EventDate "2002.10.04"]
[EventType "tourn"]
[EventRounds "5"]
[EventCountry "ESP"]
[EventCategory "11"]
[SourceTitle "CBM 092"]
[Source "ChessBase"]
[SourceDate "2003.02.06"]
[SourceVersion "1"]
[SourceVersionDate "2003.02.06"]
[SourceQuality "1"]

1. d4 Nf6 2. Nf3 e6 3. g3 c5 4. Bg2 cxd4 5. Nxd4 a6 6. O-O Qc7 7. e4 Nc6 8. c4
(8. Nxc6 dxc6 9. a4 a5 10. Nd2 e5 11. Nc4 Be6 12. Qe2 Bc5 13. Bd2 O-O 14. Nxa5
Rxa5 15. b4 Bxf2+ 16. Rxf2 Raa8 17. a5 $14 {Kortschnoj,V-Psakhis,L/Madrid 1988}
) 8... Nxd4 (8... Be7 9. Nc3 O-O 10. b3 d6 11. Bb2 Nxd4 12. Qxd4 Re8 13. Rfd1
Rb8 14. Rac1 Rd8 15. Na4 $14 {Scarella,E-Bakhtadze,G/Roque Saenz Pena 1997}) 9.
Qxd4 Bd6 {I don't think that this move is any better than natural 9...Bc5, but
in the following game white didn't manage to exploite slightly weird position
of the bishop on d6.} (9... Bc5 10. Qd3 (10. Qd2 O-O 11. b3 d6 12. Bb2 e5 13.
Nc3 Bg4 14. Rac1 Rac8 15. h3 Bd7 16. Kh2 $14 {Bates,R-Miles,A/England 1996})
10... d6 (10... b5 11. cxb5 Ng4 12. Nc3 axb5 13. Qe2 Ne5 14. Nxb5 Qb6 15. Bf4
d6 $44 {Olsson,K-Sjoberg,M/Stockholm 1993}) (10... O-O 11. Bg5 Be7 12. Nc3 d6
13. Rac1 h6 14. Bxf6 Bxf6 15. b3 Rd8 16. Rfd1 Be7 17. h3 Bd7 $11 {Tiefenbach,
W-Baumgart,A/Krumbach 1973}) 11. Nc3 O-O 12. Bf4 Ng4 13. Na4 e5 14. Bd2 Bd4 15.
h3 Nf6 16. Rac1 Be6 17. b3 Qd7 18. Kh2 b5 $13 {Gostisa,L-Kiik,K/Debrecen 1992/
EU-chT}) 10. Nc3 b6 11. Be3 Rb8 (11... Bc5 12. Qd3 Bb7 13. Bxc5 bxc5 14. f4 d6
15. Rfd1 Ke7 (15... Rd8 16. e5 $1 Bxg2 17. exf6 Bb7 18. fxg7 Rg8 19. Qxh7 $18)
16. e5 dxe5 17. fxe5 Ne8 18. Bxb7 Qxb7 19. Ne4 $16) 12. Na4 O-O 13. Rac1 {
This move is just too solid! Deserved attention} (13. Nxb6 $5 e5 {[%csl Rb6]}
14. Qc3 Rxb6 15. c5 Rc6 16. cxd6 Qxd6 17. Rfd1 Qe6 $13 {but it seems that
black gets sufficient counterplay in this line too.}) 13... e5 14. Qd1 Bc5 15.
Bg5 $5 (15. Bxc5 bxc5 16. b3 Bb7 17. Nc3 d6 18. Qe2 $14) 15... Qc6 16. Nc3 h6
17. Bxf6 Qxf6 18. Nd5 Qd6 $132 19. Qe2 (19. Kh1 Bb7 20. f4 Bxd5 21. cxd5 Bd4
22. Qd2 Rbc8 $11) 19... Bb7 20. Rfd1 Bxd5 21. Rxd5 Qe6 22. h4 d6 23. a3 Bd4 24.
Kh2 b5 $6 {Looking for counterplay, however after this move white pair of
pawns is extremly dangerous while black's attempts to launch an attack against
white king are quite harmless.} (24... a5 25. Rf1 Rb7 26. f4 Rc7 27. Bh3 Qe7
$14) 25. cxb5 Rxb5 26. Rxb5 axb5 27. Qxb5 Bxf2 28. Qc4 $6 (28. Qd3) 28... Qg6
29. Qd3 Bd4 30. b4 d5 31. b5 dxe4 32. Qxe4 f5 33. Qd5+ Kh8 34. Rc6 Qh5 35. Bf3
Qe8 36. b6 (36. a4 e4 37. Bg2 Bf2 38. b6 Qb8 39. Qd6 Qa8 40. Qe7 $14) 36... e4
37. Bg2 Bf2 38. b7 (38. a4 $5) 38... Qb8 {[%csl Rb7,Rg3]} 39. Qd6 Kh7 40. Qxb8
$6 {Permitting black to escape while after correct} (40. h5 $1 Rd8 (40... Qxb7
$4 41. Qxf8 Qxc6 42. Qxf5+ Kg8 43. Qxf2 $18) 41. Qg6+ (41. Qxb8 Rxb8 42. Bh3
Rxb7 43. Bxf5+ Kg8 44. Bxe4 Ra7 $14) 41... Kh8 42. Bh3 $18 {[%csl Rh8] black
is in deep troubles.}) 40... Rxb8 41. Bh3 $6 (41. Rc7 h5 42. a4 Kg6 43. a5 Kf6
44. a6 g6 45. Rc8 Ba7 46. Bf1 $16) 41... Rxb7 42. Bxf5+ Kg8 43. Bxe4 Ra7 44.
Rc3 Bd4 45. Rc4 Be5 46. a4 Kf7 47. Kg2 Ke6 48. g4 Rc7 49. Rb4 Bd6 50. Bf5+ Kd5
51. Rb6 Rc4 52. a5 Rb4 53. Rxb4 Bxb4 1/2-1/2

[Event "RUS-chT 07th"]
[Site "Smolensk"]
[Date "2000.04.24"]
[Round "10"]
[White "Ogloblin, Nikolay"]
[Black "Khasin, Alexander"]
[Result "0-1"]
[WhiteElo "2370"]
[BlackElo "2529"]
[Annotator "Finkel,A"]
[PlyCount "88"]
[EventDate "2000.04.15"]
[EventType "team-tourn"]
[EventRounds "11"]
[EventCountry "RUS"]
[SourceTitle "CBM 077"]
[Source "ChessBase"]
[SourceDate "2000.07.27"]
[SourceVersion "1"]
[SourceVersionDate "2000.07.27"]
[SourceQuality "1"]
[WhiteTeam "Nizhny Tagil Politekhnik"]
[BlackTeam "Tomsk 400"]
[WhiteTeamCountry "RUS"]
[BlackTeamCountry "RUS"]

1. d4 Nf6 2. Nf3 e6 3. g3 b5 4. Bg2 Bb7 5. a4 b4 6. O-O c5 7. c3 Na6 8. Nbd2 (
8. a5 $5 Rc8 9. Bg5 Be7 10. Nbd2 O-O 11. Qb1 bxc3 12. bxc3 Rb8 13. Bxf6 Bxf6
14. e4 $14 {Rashkovsky,N-Foisor,O/Groningen op 1990}) (8. Bg5 Be7 9. Qd3 Qc8
10. Nbd2 bxc3 11. bxc3 O-O 12. Rfc1 h6 13. Bxf6 Bxf6 14. e4 Nc7 15. h4 $14 {
Novikov,M-Biriukov,O/St.Petersburg-ch 1997}) (8. Bf4 Be7 9. dxc5 Bxc5 10. Bd6
Qb6 11. Bxc5 Qxc5 12. Qd4 Qxd4 13. cxd4 Ke7 $11 {Burmakin,V-Shipov,S/RUS-ch
m3-4 1997}) 8... Be7 (8... Rc8 9. Nb3 bxc3 10. bxc3 Ne4 11. Bb2 d5 12. Nfd2 Be7
13. Nxe4 dxe4 14. Nd2 $14 {Scholz,F-Beck,D/Hessenliga 9596}) 9. cxb4 $6 {
After this move black gets very comfortable play.} (9. Ne5 Bxg2 10. Kxg2 O-O
11. cxb4 Nxb4 12. dxc5 Bxc5 13. Ndf3 d6 $15 {Macek,V-Voiska,M/Erevan olw 1996})
9... Nxb4 10. dxc5 Bxc5 11. Nc4 (11. Nb3 Be7 12. Be3 O-O 13. Bd4 a5 14. Rc1 d6
$13) 11... d5 12. Nce5 O-O 13. Bd2 (13. Bf4) 13... Ne4 14. Bxb4 $6 (14. Be1)
14... Bxb4 15. Qb3 $6 {Miscalculation.It was necessary to play} (15. Nd3 $1 Be7
(15... Qe7 16. Nxb4 Qxb4 17. Qd4 Qxd4 18. Nxd4 $11) 16. b4 Rc8 17. Rc1 Rxc1 18.
Qxc1 Qb6 $15 {with slightly better chanses for black.}) 15... a5 16. Nd3 Rb8 $1
17. Nxb4 Ba6 $1 $17 {[%csl Rb2][%cal Gb8b3] Now white is in serious troubles.}
18. Nc6 (18. Qe3 Rxb4 19. b3 Qf6 20. Rab1 Nc3 $19) 18... Rxb3 19. Nxd8 Rxd8 20.
Nd4 $5 ({May be more persistant was} 20. Rfb1 $5 Rdb8 21. Nd4 Rxb2 (21... R3b6
22. Bxe4 dxe4 23. b3 e5 24. Nb5 Bxb5 25. axb5 Rxb5 26. Ra4 f5 $17) 22. Rxb2
Rxb2 23. Bxe4 dxe4 24. Nc6 Bxe2 25. Nxa5 g5 26. Nc6 $17) 20... Rxb2 21. Bxe4
dxe4 22. Rfb1 Rxb1+ 23. Rxb1 g5 24. Nc6 Rd6 25. Nxa5 Bxe2 26. Nb3 $6 (26. Nb7)
26... f5 27. Nc5 (27. a5 Kf7 28. Nc5 Rc6 29. Rb7+ Kg6 30. Nb3 Rd6 $19) 27...
Rc6 28. Nd7 Rc7 29. Nb8 Ra7 $1 {[%csl Rb8]} 30. Ra1 Bb5 {[%cal Ga7a1]} 31. a5
Ra8 32. a6 Rxb8 $19 33. Rb1 Kg7 34. g4 Kf6 35. h3 Ra8 36. Rxb5 Rxa6 37. Rb7 Kg6
38. Rc7 h5 39. Kg2 h4 40. Rc8 Kf6 41. Rg8 Ra2 42. Kg1 Ra3 43. Kg2 e3 44. fxe3
fxg4 0-1

[Event "GER-ch 75th"]
[Site "Hoeckendorf"]
[Date "2004.02.02"]
[Round "4"]
[White "Meins, Gerlef"]
[Black "Bischoff, Klaus"]
[Result "0-1"]
[WhiteElo "2460"]
[BlackElo "2561"]
[Annotator "Finkel,A"]
[PlyCount "146"]
[EventDate "2004.01.30"]
[EventType "swiss"]
[EventRounds "9"]
[EventCountry "GER"]
[SourceTitle "CBM 100"]
[Source "ChessBase"]
[SourceDate "2004.06.01"]
[SourceVersion "1"]
[SourceVersionDate "2004.06.01"]
[SourceQuality "1"]

1. d4 e6 2. Nf3 Nf6 3. g3 d5 4. Bg2 (4. c4 $5) 4... b5 {Black's set up
including b5 against the Catalan started to gain popularity lately.} 5. O-O
Nbd7 6. Nbd2 Bb7 (6... Be7 7. Ng5 (7. Re1 Bb7 8. Nb3 c5 9. dxc5 Nxc5 10. Bd2 a5
11. Bc3 Nce4 $13 {Kuporosov,V-Kotanjian,T/St Petersburg 2002}) 7... h6 8. Nh3
Bb7 9. a4 b4 10. a5 c5 11. c3 Ba6 12. Re1 Rb8 $15 {Chernikov,O-Doroshkievich,V/
Vladivostok 1978}) (6... c5 7. e4 dxe4 8. Ng5 Bb7 9. Ngxe4 Qc8 10. dxc5 Nxe4
11. Nxe4 Nxc5 12. Nxc5 Bxg2 13. Kxg2 Bxc5 $11 {Mainka,G-Petrosian,A/Dortmund
2000}) 7. a4 (7. Re1 c5 8. e4 dxe4 9. Ng5 cxd4 10. Ndxe4 Nxe4 11. Bxe4 Bxe4 12.
Rxe4 $44 {Tibensky,R-Lisko,F/Slovakia 1998}) 7... b4 8. a5 $6 {It's hard to
criticize white for chosing this move, since all the others also lead to
equality.} (8. c4 c5 9. b3 cxd4 10. Nxd4 Bc5 11. Bb2 O-O $11) 8... Rc8 9. a6
Ba8 10. c4 (10. Nb3 c5 11. dxc5 Nxc5 12. Be3 Qc7 (12... Nxb3 13. cxb3 Bc5 14.
Bxc5 Rxc5 15. Qd4 Qb6 16. Rfc1 Rxc1+ 17. Rxc1 $14) 13. Qd2 Ncd7 14. Nbd4 e5 15.
Nb5 Qb8 $15 {[%csl Rb5]}) 10... bxc3 11. bxc3 c5 12. c4 (12. Ba3 Be7 13. e3 O-O
14. Qe2 Rb8 $11) 12... Be7 13. Bb2 O-O 14. e3 dxc4 15. Nxc4 Bd5 16. Nfe5 (16.
Nce5 c4 17. Bc3 Ne4 18. Qc2 Nb6 $15) 16... cxd4 17. Bxd5 $6 {In the arising
endgame white's chances are inferior due to the weakness of the pawn on a6,
but it shouldn't be too difficult to hold on.} (17. Qxd4 Nxe5 18. Nxe5 Bc5 19.
Qf4 Bxg2 20. Kxg2 Qd2 $11) 17... exd5 18. Nxd7 dxc4 $1 19. Nxf6+ Bxf6 20. Bxd4
Bxd4 21. Qxd4 (21. exd4 Qf6 22. Re1 Rfd8 23. Re4 g6 24. Qd2) 21... Qxd4 22.
exd4 Rfd8 23. Rfd1 Rd6 24. Kg2 Kf8 25. Ra5 (25. Kf3 Rf6+ 26. Kg2 Ke8 27. Rdb1
Rcc6 28. Rb4 Rxa6 29. Rxa6 Rxa6 30. Rxc4 Kd7 $15) 25... c3 26. d5 Rb6 27. Rc1
$6 (27. d6 Rd8 28. d7 Ke7 29. Re5+ Re6 30. Rxe6+ Kxe6 31. Rc1 Rxd7 32. Rxc3 Rd6
33. Ra3 $11) 27... Ke7 28. Ra3 c2 29. Ra2 Kd6 30. Raxc2 Rxc2 31. Rxc2 Rxa6 32.
Rc8 Kxd5 $15 33. Rc7 Ke6 34. g4 h6 35. Kg3 g6 36. f3 Kf6 37. h4 Ra2 38. Rb7 Ra5
39. Rc7 Ke6 40. Rb7 h5 41. gxh5 gxh5 42. Rc7 Kf6 43. Rb7 Kg6 44. Rc7 f6 45. Rd7
Ra4 46. Rc7 Ra1 47. Kf4 Ra5 48. Kg3 a6 49. Ra7 Ra4 50. Ra8 a5 51. Ra6 Kf5 52.
Ra8 Ra2 53. Rh8 Kg6 54. Rg8+ Kh7 55. Ra8 Ra4 56. Ra7+ Kg6 57. Ra6 Ra1 58. Ra8
a4 59. Ra7 a3 60. Kf4 (60. Ra5 $5) 60... a2 61. Ra8 Rh1 62. Rxa2 Rxh4+ 63. Kg3
Rb4 64. Ra5 h4+ 65. Kh3 f5 66. Ra8 Kg5 67. Rh8 Rb1 68. Kg2 Rb2+ 69. Kf1 Ra2 (
69... Kf4 70. Rxh4+ Kg3 71. Ra4 f4 72. Ra3 Rf2+ 73. Kg1 Rxf3 74. Ra2 Rb3 75.
Rg2+ Kf3 76. Rf2+ Ke3 77. Kg2 $11) 70. Rh7 Kf4 71. Rxh4+ Kg3 72. Rh8 $2 (72.
Rb4) 72... f4 73. Rb8 Ra3 0-1

[Event "GER-ch 75th"]
[Site "Hoeckendorf"]
[Date "2004.02.03"]
[Round "5"]
[White "Mueller, Karsten"]
[Black "Thinius, Marco"]
[Result "1-0"]
[WhiteElo "2517"]
[BlackElo "2387"]
[Annotator "Finkel,A"]
[PlyCount "47"]
[EventDate "2004.01.30"]
[EventType "swiss"]
[EventRounds "9"]
[EventCountry "GER"]
[SourceTitle "CBM 100"]
[Source "ChessBase"]
[SourceDate "2004.06.01"]
[SourceVersion "1"]
[SourceVersionDate "2004.06.01"]
[SourceQuality "1"]

1. Nf3 Nf6 2. d4 e6 3. g3 b5 4. Bg2 d5 5. O-O c5 6. a4 (6. c3 Bb7 7. a4 (7. Bg5
Nbd7 8. a4 a6 9. Nbd2 h6 10. Bxf6 gxf6 11. e3 $14 {Horvath,C-Rigo,J/Hungary
1998}) 7... b4 8. cxb4 cxb4 9. Bf4 Be7 10. Nbd2 O-O 11. Ne5 Qb6 12. Nb3 Rc8 $11
{Scheeren,P-Kuijf,M/Budel 1987}) (6. b3 Bb7 7. c4 a6 8. cxd5 Bxd5 9. dxc5 b4 $2
10. Ne5 Bxc5 11. e4 $1 $16 {Speelman,J-Webster,A/England 1999}) (6. Nbd2 Bb7 7.
dxc5 Bxc5 8. Nb3 Be7 9. Nfd4 b4 10. Bg5 Nbd7 11. Rc1 a5 12. c4 bxc3 13. bxc3 h6
$11 {Bareev,E-Ibragimov,I/Vienna 1996}) (6. Bg5 Bb7 7. Nbd2 Nbd7 8. c3 h6 9.
Bxf6 Nxf6 10. Ne5 Bd6 11. f4 O-O 12. e3 b4 $15 {Fokin,S-Ibragimov,I/
Ekaterinburg 1997}) 6... b4 7. c4 (7. dxc5 Bxc5 8. c4 bxc3 9. Nxc3 O-O 10. Ne5
Bb7 11. Nd3 Be7 12. Be3 Nc6 13. Bc5 Rc8 $11 {Pirc,V-Navarovszky,L/Budapest 1965
}) 7... Bb7 8. Ne5 cxd4 (8... Nbd7) 9. Qxd4 Nbd7 (9... Nc6 10. Nxc6 Bxc6 11.
Bg5 Be7 $11) 10. Nxd7 Qxd7 11. Bg5 Rc8 $2 {Black is playing with fire. There
was no need to complicate matters since after the reasonable} (11... Be7 12.
Nd2 h6 (12... dxc4 $2 13. Qxd7+ Nxd7 14. Bxb7 Bxg5 15. Ne4 $18) 13. Bf4 O-O 14.
Rfc1 Rfd8 $13 {black is doing fine.}) 12. Bxf6 Rxc4 13. Qxa7 gxf6 14. Nd2 Rc8 (
{Nothing changes} 14... Rc2 15. Rfc1 $1 {and black is forced to trade the
rooks.}) 15. Rfc1 Rxc1+ (15... Ra8 16. Qd4 e5 17. Qd3 $16) 16. Rxc1 Bd6 17. e4
({Very serious attention deserved} 17. Nc4 $5 {[%csl Rb7,Rd6,Rh8]} dxc4 18.
Qxb7 Qxb7 19. Bxb7 c3 20. bxc3 bxc3 21. Rxc3 Ke7 22. a5 Rd8 23. a6 Bb8 24. e3
$18) 17... dxe4 $2 (17... Be5 $8) 18. Nc4 $18 O-O (18... Bc6 19. Nxd6+ Qxd6 20.
Bxe4 $1 $18) 19. Bxe4 Bc5 20. Qxb7 Qxa4 21. Qc7 Bd4 22. Qf4 Rd8 23. Qh6 f5 24.
Qg5+ 1-0

[Event "Paris NAO GM 3rd"]
[Site "Paris"]
[Date "2003.12.15"]
[Round "1"]
[White "Bagheri, Amir"]
[Black "Murey, Jacob"]
[Result "0-1"]
[WhiteElo "2541"]
[BlackElo "2465"]
[Annotator "Finkel,A"]
[PlyCount "66"]
[EventDate "2003.12.15"]
[EventType "tourn"]
[EventRounds "9"]
[EventCountry "FRA"]
[EventCategory "9"]
[SourceTitle "CBM 099"]
[Source "ChessBase"]
[SourceDate "2004.03.30"]
[SourceVersion "1"]
[SourceVersionDate "2004.03.30"]
[SourceQuality "1"]

1. d4 e6 2. Nf3 c5 3. c3 Nf6 4. Bg5 Qb6 5. Nbd2 Qxb2 $5 {A very interesting
idea, which is quite typical for Murey's creative and advanterous style!} (5...
cxd4 6. Nc4 Qc7 (6... Qd8 7. cxd4 d5 8. Ncd2 Be7 9. e3 Nc6 10. a3 O-O 11. Bd3
Bd7 $11 {Hebden,M-Kiriakov,P/Hastings 1998} 12. Bxf6) 7. Bxf6 gxf6 8. Qxd4 Be7
9. e4 Nc6 10. Qd2 b5 11. Ne3 b4 12. c4 h5 13. g3 Bb7 14. Bg2 Ne5 15. Nxe5 fxe5
$13 {Poscente,D-Lagrotteria,S/Rome 1990}) (5... d5 6. Bxf6 (6. Rb1 Nbd7 7. e3
Be7 8. Bd3 O-O 9. Ne5 Re8 10. f4 Nf8 11. O-O a6 12. Qf3 Qc7 13. Qh3 $36 {
Hebden,M-Kasoshvili,T/Chalkidiki 2000}) 6... gxf6 7. Qc2 cxd4 8. Nxd4 Nc6 9. e3
Bd7 10. Be2 Rc8 11. Nxc6 Bxc6 $11 {Houska,M-Panczyk,K/Hampstead 1998}) 6. Nc4
Qxc3+ (6... Qb5 7. e4 Qc6 8. d5 Qc7 9. Bd3 d6 10. O-O Be7 11. Re1 e5 12. a4 O-O
13. Qd2 $36 {Halldorsson,G-Arnason,J/Island 1995}) 7. Bd2 Qxc4 8. e4 {[%csl
Rc4] Black's queen is trapped in the middle of the board, but 2 pieces + pair
of pawns seem to be a quite sufficient compensation under the circumstances.}
Qxf1+ 9. Kxf1 Nxe4 10. Qc2 $6 {[%csl Gd2] An unfortunate decision after which
white finds himself in troubles. It was necessary to keep the bishop on the
board.} (10. Rc1 Be7 11. Be3 b6 12. dxc5 Nxc5 13. h4 Nc6 14. Rh3 Bb7 15. Ng5 d6
$44 {Andersen,I-Hutters,T/Copenhagen 1993}) (10. Be3 $142 $1) 10... Nxd2+ 11.
Nxd2 Na6 12. h4 Be7 13. Rh3 {An attempt to get some chances on the kingside,
but white's pieces desperately lack coordination, so it was better to play in
more solid fashion} (13. dxc5 Nxc5 14. Rh3 b6 15. Ne4 d5 16. Nxc5 bxc5 $15)
13... Nb4 14. Qb3 $6 {Another dubious decision after which white is in serious
troubles.} (14. Qc3 cxd4 15. Qxd4 O-O (15... Bf6 $2 16. Qxb4 Bxa1 17. Nc4 d5
18. Nd6+ Kd7 19. Nxf7 $18) 16. Rg3 g6 17. Rb1 Nc6 $44) 14... cxd4 15. Rg3 O-O
$15 16. h5 d5 17. Nf3 Nc6 18. Rc1 $6 Bd6 {[%csl Rg3]} 19. Rg4 $6 {The white
rook is desperately trying to be part of the action, but black's pawn center
is just too strong.} (19. Rh3 e5 20. Qxd5 Bxh3 21. Qxd6 Rad8 22. Qc5 Be6 $17)
19... e5 $19 20. Rg5 h6 21. Qxd5 (21. Rg6 Rd8 22. Qxd5 Ba3 $19 {[%csl Rc1,Rd5,
Rg6]}) 21... Ba3 22. Rxc6 bxc6 23. Rxg7+ (23. Qb3 hxg5 24. Qxa3 f6 $19) (23.
Qxc6 hxg5 24. Qxa8 Ba6+ $19) 23... Kxg7 24. Qxe5+ Kg8 25. Qxd4 Be6 26. Qe3 Rab8
$6 {Creating some difficulties to himself.} (26... Bb2 $1 27. Qxh6 Rfd8 $19)
27. Qxa3 Rb1+ 28. Ke2 Re8 29. Ke3 Ra1 30. Kf4 Rxa2 31. Qe3 (31. Qc5 Bd5 $19)
31... Ra5 32. Ne5 (32. Nd4 Rxh5 33. Nxc6 Bd7 $19) 32... Bc8 33. Qg3+ Kf8 0-1

[Event "Julian Borowski-B 2nd"]
[Site "Essen"]
[Date "2000.05.04"]
[Round "7"]
[White "Romanishin, Oleg M"]
[Black "Seul, Georg"]
[Result "1-0"]
[WhiteElo "2578"]
[BlackElo "2436"]
[Annotator "Finkel,A"]
[PlyCount "82"]
[EventDate "2000.04.27"]
[EventType "tourn"]
[EventRounds "9"]
[EventCountry "GER"]
[EventCategory "10"]
[SourceTitle "CBM 077"]
[Source "ChessBase"]
[SourceDate "2000.07.27"]
[SourceVersion "1"]
[SourceVersionDate "2000.07.27"]
[SourceQuality "1"]

1. d4 Nf6 2. Nf3 e6 3. g3 c5 4. Bg2 Qa5+ 5. Nbd2 cxd4 6. O-O d3 {I don't like
this move and the following game perfectly shows its drawbacks.} (6... Qc7 7.
Nxd4 a6 8. c4 Be7 9. b3 O-O 10. Bb2 d6 11. Rc1 $14 {Appel,R-Moiseev,V/BL9495})
(6... d5 7. Nb3 Qb6 8. Nbxd4 Nc6 9. a4 $5 Nxd4 10. Nxd4 e5 $6 11. Nb3 Be6 12.
Bg5 Rd8 13. Bxf6 gxf6 14. e3 $14 {Romanishin,O-Helgason,R/Malmo 1993}) 7. exd3
$5 (7. cxd3 d5 8. Nb3 (8. a3 Be7 9. b4 Qa6 10. Bb2 Bd7 11. Qb1 Ba4 12. Bc3 O-O
13. Qb2 Nbd7 $11 {Miles,A-Suba,M/Andorra op 1994}) (8. e4 Nc6 9. e5 Nd7 10. Nb3
Qa4 11. d4 b6 12. Bf4 $14 {Kortschnoj,V-Rodriguez,A/WchT 4th 1997}) 8... Qd8 9.
Bf4 {1/2-1/2 Veingold,A-Suba,M/ESP-chT 1993}) 7... Nc6 8. c4 d5 (8... b6 9. a3
Bb7 10. b4 Qh5 11. Bb2 Be7 12. h3 $14) 9. a3 Qd8 (9... Be7 10. b4) 10. b4 Be7
11. Bb2 O-O 12. Rc1 $14 {Black's problem is not so easy to solve:he simply
deprived any counterplay and just have to wait and see how white improves his
position.} Bd7 $6 (12... a6 13. Qe2 Qd6 14. Nb3 Rd8 15. Rfd1 $14) 13. Nb3 a6
14. Qd2 Qb8 15. Rfe1 Rc8 (15... Rd8 16. Ne5 $5 (16. b5 axb5 17. cxb5 Na7 18. a4
Nc8 $132) 16... Nxe5 $2 17. Bxe5 Qa7 18. cxd5 Nxd5 19. Bxd5 exd5 20. Bd4 $18 {
[%cal Gd4a7,Ge1e7]}) 16. Ne5 dxc4 17. dxc4 Be8 18. Qe2 Qc7 (18... Nxe5 19. Bxe5
Qa7 20. Na5 Bc6 21. Nxc6 bxc6 22. Rcd1 $16) 19. Nd3 $5 {[%cal Gd3f4]} Nd7 20.
Nf4 Bf8 (20... Bf6 21. c5 (21. Nh5 Bxb2 22. Qxb2 e5) 21... Bxb2 22. Qxb2 Qd8
23. Nd2 $16 {[%cal Gd2c4,Gc4d6]}) 21. Nh5 g6 22. Nf4 Bg7 23. Bxg7 Kxg7 24. Qb2+
Kg8 25. c5 $1 {[%cal Gb3d2,Gd2c4,Gc4d6]} Qd8 26. Nd2 Qf6 27. Qa2 Nf8 28. Nc4
$16 Qg7 29. Nd6 (29. Nb6 $5 $18) 29... Rcb8 30. Rcd1 Ra7 31. Qd2 Bd7 {[%cal
Gb7b6]} 32. Qe3 $1 e5 33. Nd3 f6 34. f4 exf4 35. Bd5+ Kh8 36. Qxf4 $18 h5 (
36... Raa8 37. Nf7+ Kg8 38. Re3 $1 Be8 39. Nd6+ Kh8 40. Rde1 $18) 37. Nf7+ Kh7
38. Bxc6 Bxc6 39. Qxb8 Qxf7 40. Qd6 Kg8 41. Nf4 Ra8 1-0

[Event "Lippstadt 10th"]
[Site "Lippstadt"]
[Date "2000.07.15"]
[Round "10"]
[White "Mueller, Karsten"]
[Black "Chiburdanidze, Maia"]
[Result "0-1"]
[WhiteElo "2513"]
[BlackElo "2545"]
[Annotator "Finkel,A"]
[PlyCount "74"]
[EventDate "2000.07.06"]
[EventType "tourn"]
[EventRounds "11"]
[EventCountry "GER"]
[EventCategory "10"]
[SourceTitle "CBM 078"]
[Source "ChessBase"]
[SourceDate "2000.10.18"]
[SourceVersion "1"]
[SourceVersionDate "2000.10.18"]
[SourceQuality "1"]

1. d4 Nf6 2. Nf3 e6 3. Bg5 h6 4. Bh4 d6 $5 5. Nc3 {Possible continuation,but
more in the spirit of the position is 5.Nbd2,which,however,also doesn't give
white any opening advantage.} (5. Nbd2 g5 6. Bg3 Nh5 7. e3 Bg7 (7... Nd7 8. Ng1
Nxg3 9. hxg3 Bg7 10. c3 Qe7 11. Qc2 b6 12. Be2 Bb7 13. Bf3 d5 14. O-O-O O-O-O
$11 {Wolf,U-Seedorf,S/NRW-II 1996}) 8. c3 Nd7 9. Be2 Ndf6 10. O-O Qe7 11. e4
Nxg3 12. hxg3 O-O 13. Bd3 b6 14. Qe2 Bb7 15. Ba6 Bc6 16. Bb5 Bb7 17. Ba6 Bc6 {
1/2-1/2 Seirawan,Y-Ehlvest,J/Skelleftea WCup 1989}) (5. e3 g5 6. Bg3 Nh5 7. Bd3
Bg7 8. c3 Qe7 9. Nfd2 Nxg3 10. hxg3 Bd7 11. a4 Nc6 12. Qe2 f5 $132 {Tyomkin,
D-Greenfeld,A/Beer Sheva16th 1997}) 5... g5 6. Bg3 Nh5 7. e3 (7. e4 Bg7 8. Bc4
a6 9. Ng1 Nxg3 10. hxg3 b5 11. Be2 Bb7 12. Bf3 c5 13. dxc5 dxc5 14. Qxd8+ Kxd8
$15 {Summermatter,D-Wahls,M/Luzern 1989}) 7... Nxg3 (7... Bg7 8. Ne4 (8. Be2
Nd7 9. Qd2 a6 10. a4 b6 11. d5 Nxg3 12. hxg3 exd5 13. Qxd5 Rb8 14. O-O Bb7 15.
Qf5 $13 {Zilberman,Y-Kogan,A/ISR-ch 1996}) 8... Nd7 9. Nfd2 Nxg3 10. Nxg3 Nf6
11. h4 gxh4 12. Nh5 Nxh5 13. Qxh5 Qg5 14. Rxh4 Qxh5 15. Rxh5 Ke7 16. Be2 Bd7
17. O-O-O Raf8 18. Bf3 {1/2-1/2 Tseitlin,M-Balashov,Y/Kusadasi op 1990}) 8.
hxg3 Bg7 9. g4 $6 {After this move black is just on time to carry out what he
needs to.} (9. Bd3 Nd7 10. Qe2 c5 11. O-O-O d5 12. Bb5 a6 (12... Qc7 13. e4 g4
14. Ne5 cxd4 15. Nxd7 Bxd7 16. Bxd7+ Qxd7 17. Qxg4 $13) 13. Bxd7+ Bxd7 14. dxc5
Qa5 15. e4 $13) 9... Nd7 10. Bd3 (10. Be2 c5 11. dxc5 Nxc5 12. Nd4 Qb6 13. Bb5+
Bd7 $15) 10... c5 11. Qe2 d5 12. Bb5 Qc7 13. O-O-O a6 14. Bxd7+ Bxd7 15. e4
dxe4 16. Nxe4 $6 (16. Qxe4 $5 cxd4 17. Nxd4 O-O-O (17... O-O 18. g3 Rac8 (18...
Bc6 19. Nxc6 Qxc6 20. Qxc6 bxc6 21. Rd7 f5 $13) 19. f4 Bc6 20. Nxc6 Qxc6 21.
Qxc6 Rxc6 22. Ne4 $13) 18. Rh3 Qf4+ 19. Qxf4 gxf4 20. Ne4 $13) 16... cxd4 17.
Nxd4 O-O $1 $15 18. Kb1 $6 (18. Qf3 Qe5 (18... Qf4+ 19. Qxf4 gxf4 20. Nd6 b6
21. Ne2 $14) 19. c3 $15) 18... Rfd8 19. Qf3 Qe5 20. c3 Ba4 $5 21. Rd2 (21. b3
Be8 $15 {[%csl Rc3]}) 21... Rd5 22. Re2 Qf4 23. Qh3 $6 {After this move
black's initiative is extremly dangerous and white's defensive task is very
difficult.Better was} (23. Qxf4 gxf4 24. b3 Be8 25. Rd2 Rad8 26. Rhd1 Kf8 $15)
23... Rad8 24. g3 Qe5 (24... Qc7) 25. f4 $6 {After this move the knight on f4
is hanging.} (25. f3 $5) 25... Rxd4 $1 $40 26. cxd4 (26. fxe5 $4 Rd1+ 27. Rxd1
Rxd1#) 26... Qxd4 {[%csl Re4,Rh3]} 27. Nf2 (27. Nc3 Qd3+ 28. Ka1 Bxc3 $19)
27... Qb4 {[%csl Rb2][%cal Gd8d2]} 28. a3 (28. Qh2 $5 Bb5 $1 (28... Rd2 29.
Rxd2 Qxd2 30. Nh3 Qd3+ (30... Bc2+ 31. Ka1 Qc3 32. Rb1 $1 Qd3 33. Rc1 $16)) 29.
Rc2 (29. a3 Qb3 30. Rc2 Bc4 $19) 29... Rd2 $1 30. a3 (30. Rhc1 Qxb2+ $1 31.
Rxb2 Rxb2+ 32. Ka1 Rb4+) 30... Qd4 31. Rxd2 Qxd2 32. Nh3 Be2 $1 $19) 28... Qc4
29. Rhe1 Rc8 30. Ka1 (30. Qg2 Bc2+ 31. Ka1 Bxb2+ 32. Kxb2 Qb3+ 33. Kc1 Be4+ 34.
Kd2 Rc2+ 35. Kd1 Qb1#) 30... Bb3 $19 (30... Bc2 $5 $19) 31. Qh1 Qc5 {[%cal
Gc5a3]} 32. Re5 (32. Kb1 Bc2+ 33. Ka2 Qb5 $19 {[%csl Rb2]}) 32... Bxe5 33. fxe5
Qxf2 34. Rb1 Bd5 35. Qxh6 Qe3 36. Qf6 Qb3 37. Qxg5+ Kf8 0-1